The implications of land issues for climate resilient informal settlements in Fiji and Papua New Guinea (Record no. 121791)
[ view plain ]
| 000 -LEADER | |
|---|---|
| fixed length control field | 01569nam a22002417a 4500 |
| 008 - FIXED-LENGTH DATA ELEMENTS--GENERAL INFORMATION | |
| fixed length control field | 240205s2016 xxk|||||o|||| 00| 0 eng d |
| 041 ## - LANGUAGE CODE | |
| Language code of text/sound track or separate title | eng |
| 110 ## - MAIN ENTRY--CORPORATE NAME | |
| Corporate author | Royal Institution of Chartered Surveyors |
| 245 ## - TITLE STATEMENT | |
| Title | The implications of land issues for climate resilient informal settlements in Fiji and Papua New Guinea |
| Medium | [Electronic resource] |
| 260 ## - PUBLICATION INFORMATION | |
| Place of publication | London, |
| Publisher | RICS Resesarch Trust, |
| Date | March 2016 |
| 300 ## - PHYSICAL DESCRIPTION | |
| Physical description | 66p. |
| 490 ## - SERIES TITLE | |
| Series statement | RICS Research |
| 520 ## - ABSTRACT | |
| Abstract | This project aimed to understand the implications <br/>of land issues for the climate resilience of informal <br/>settlements in Fiji and PNG. A related aim was to better <br/>understand the implications of decisions about resettlement <br/>of informal settlements. Findings from the research <br/>are intended to inform people in the land and property <br/>sector about existing land issues and the complexity of <br/>resettlement in the context of land tenure arrangements, <br/>and the issues that need to be addressed in the process <br/>of resettlement in order to protect the rights of people in <br/>informal settlements, and improve their abilities to adapt to <br/>current climate variability and future climate change. |
| 650 ## - KEYWORDS | |
| Keywords | CLIMATE CHANGE |
| 650 ## - KEYWORDS | |
| Keywords | LAND USE |
| 650 ## - KEYWORDS | |
| Keywords | RESETTLEMENT |
| 651 ## - SUBJECT ADDED ENTRY--GEOGRAPHIC NAME | |
| Geographic name | Fiji |
| 651 ## - SUBJECT ADDED ENTRY--GEOGRAPHIC NAME | |
| Geographic name | Papua New Guinea |
| 690 ## - BROAD SUBJECT | |
| 9 (RLIN) | 6251 |
| Broad subject | Land use |
| 710 ## - ADDED CORPORATE NAME | |
| Added corporate author | Royal Institution of Chartered Surveyors |
| 856 ## - ONLINE RESOURCE | |
| Uniform Resource Identifier | <a href="https://www.propertyresearchtrust.org/uploads/1/3/4/8/134819607/land_issues_fiji_and_papua_new_guinea.pdf">https://www.propertyresearchtrust.org/uploads/1/3/4/8/134819607/land_issues_fiji_and_papua_new_guinea.pdf</a> |
| Public note | Available free via Property Research Trust |
| 942 ## - ADDED ENTRY ELEMENTS (KOHA) | |
| Suppress in OPAC | Do not suppress in OPAC |
| Lost status | Damaged status | Not for loan | Current library | Shelving location | Date acquired | Total Checkouts | Full call number | Date last seen | Price effective from | Koha item type |
|---|---|---|---|---|---|---|---|---|---|---|
| Virtual | Online | 05/02/2024 | ONLINE PUBLICATION | 05/02/2024 | 05/02/2024 | Online material |